| 000 | 00405nam a22001697a 4500 | ||
|---|---|---|---|
| 005 | 20160618112801.0 | ||
| 008 | 160618b xxu||||| |||| 00| 0 eng d | ||
| 020 | _a978-81-7828-864-1 | ||
| 041 | _aeng | ||
| 082 | _b8098 | ||
| 100 |
_aKlassen, Robert D _92190 |
||
| 245 | _aCaresm Operations Management | ||
| 260 |
_bSage Publication _c2007 |
||
| 300 | _a423 | ||
| 650 |
_aManagement _9241 |
||
| 942 | _cBK | ||
| 999 |
_c3065 _d3064 |
||